Peace Train - Lyrics - Statistics

General Stats
  • This quiz has been taken 26 times
  • The average score is 26 of 38
Answer Stats
Answer % Correct
Come take me home {again}
96%
Something {good} has begun
96%
There rides a {peace} train
96%
Thinking about the good {things} to come
96%
{Thinking} about the good things to come
96%
Now I've {been} smiling lately,
92%
Dreaming about the {world} as one
88%
Oh peace {train} take this country,
88%
And I believe it {could} be,
83%
Come take me {home} again
83%
Some day it's {going} to come
83%
And I {believe} it could be,
79%
And it's {getting} nearer
79%
{Come} on now peace train
79%
Thinking {about} the world as it is
79%
'Cause out on the edge of {darkness}
75%
Cause out on the {edge} of darkness
75%
Oh peace train take {this} country,
75%
Something good has {begun}
75%
{And} I believe it could be
71%
It's {not} so far from you
71%
Oh peace train sounding {louder}
71%
It soon will be with {you}
67%
There {rides} a peace train
67%
Yes, peace train {holy} roller
67%
Now I've been {crying} lately
58%
Cause it's getting {nearer}
54%
Go bring your good {friends} too
54%
Oh I've been {smiling} lately,
54%
Now come and join the {living}
46%
{Everyone} jump upon the peace train
42%
Now I've been {happy} lately,
42%
Soon it will all be {true}
38%
Why must we go on {hating}
38%
Get your {bags} together,
33%
Why can't we live in {bliss}
33%
Come on {now} peace train
29%
{Glide} on the peace train
4%
No matching quizzes found
Score Distribution
Percent of People with Each Score
Percentile by Number Answered
Your Score History
You have not taken this quiz